Регионална библиотека "Любен Каравелов" - Русе

Корупционната България (Запис номер 186153)

MARC детайли
000 -Лидер
Контролно поле с фиксирана дължина 02229nam a2200445 c 4500
003 - Код на организацията, давaща контролен номер
Контролно поле BLK
005 - Дата и час на последна редакция
Контролно поле 20250128005514.0
008 - Елементи от данни с фиксирана дължина
fixed length control field 180411b bul|||||r ||||||| ||bul||
010 ## - Наследен системен номер
LC control number KNG00195147000
020 ## - Международен стандартен номер на книга ISBN
Международен стандартен номер на книга ISBN 978-619-90645-0-4
-- издат.: Гражданско сдружение Либертариум - на том(т. 1)
040 ## - Източник на каталожния запис
Идентификатор на билиотеката - собственик на записа BLK
041 ## - Код за език
Код за езика на текст/звукозапис или на отделно заглавие Български
Код за езика КДБФ Български
072 #7 - Код за тематичната категория
Код организация bullib
Код за тематична категория Н32
Текст Политика Н
080 ## - УДК
Текстов определител УДК Корупция
УДК код - определител по УДК 328.185
УДК определител (497.2)
УДК - код + определител 328.185(497.2)
080 ## - УДК
Текстов определител УДК Вътрешна политика. Вж и 329
УДК код - определител по УДК 323
УДК определител (497.2)(091)
УДК - код + определител 323(497.2)(091)
100 ## - Редна дума - Автор
Автор Сугарев, Едвин Стефанов
Дати, свързани с автора 1953-
R(LIN) 371393
139 ## - Редно поле
Редна дума Сугарев, Едвин Стефанов и др.
Авторски знак Су - С 89
245 10 - Сведения за заглавието
Заглавие Корупционната България
Подзаглавни данни История на бълг. корупция в годините на преход към демокрация : Т. 1 -
Редно поле (дума) Едвин Стефанов Сугарев; съавт. Христо Христов; съавт. Петър Георгиев Бучков.
Том Т. 1
Заглавие на том 1989 - 1997
257 ## - Страна на издаване
Страна на създаване/издаване България
260 ## - Област на издателските данни
-- София
Година на издаване 2016 -
Печатница Костинброд : Мултипринт
300 ## - Физическа характеристика
Размери/Мащаб 23 см
380 ## - Жанр
Жанр Обществени науки
650 #4 - Допълнително описание по предмет – тема
Основно описание – тема или топоним Корупция - България
9 (RLIN) 271870
650 #0 - Допълнително описание по предмет – тема
Основно описание – тема или топоним България - вътрешна политика
9 (RLIN) 241559
651 #4 - Допълнително описание по предмет - топоним
Географско понятие България
9 (RLIN) 241624
653 ## - Ключова дума – ненормативна
Ключова дума корупция
653 ## - Ключова дума – ненормативна
Ключова дума вътрешна политика
653 ## - Ключова дума – ненормативна
Ключова дума преходно общество
653 ## - Ключова дума – ненормативна
Ключова дума българска история
659 ## - Тематичен бюлетин
Тематичен бюлетин Н
700 1# - Други автори (авторска отговорност)
Лично име Христов, Христо
Автороска отговорност (Описва отношението между автора и произведението) съавт.
9 (RLIN) 363654
700 1# - Други автори (авторска отговорност)
Лично име Бучков, Петър Георгиев
Автороска отговорност (Описва отношението между автора и произведението) съавт.
9 (RLIN) 384361
760 1# - Описание на основната серия
-- - на том(т. 1)
Редна дума на основното описание Сугарев, Едвин Стефанов
Място на издаване, издател и година Гражданско сдружение Либертариум, 2016
Страници - том 640 с. : с факс.
Забележка - том Именен показалец. - Библиогр. под линия.
Заглавие Т. 1 1989 - 1997
852 ## - Местоположение
Форматна сигнатура Цб 283023
856 4# - Електронен адрес и достъп
Електронен формат pdf - файл
Път до файла /url/
856 4# - Електронен адрес и достъп
Електронен формат pdf - файл
Път до файла /url/
942 ## - АРТИКУЛИ
Вид на библиотечния материал Книги
Скрит в OPAC Не
Koha issues (borrowed), all copies 6
944 ## - СЪЗДАВАНЕ И РЕДАКЦИЯ на ЗАПИСА
Създаване/Редакция Създаване
Дата на регистрацията/редакция 03.11.2016
Статус, дата на статуса CRON CRON
Служител, извършил регистрацията/редакцията
944 ## - СЪЗДАВАНЕ И РЕДАКЦИЯ на ЗАПИСА
Създаване/Редакция Редакция
Дата на регистрацията/редакция 03.02.2018
Статус, дата на статуса ф /
Служител, извършил регистрацията/редакцията Пенка_Димитрова
999 ## - СИСТЕМНИ КОНТРОЛНИ НОМЕРА
Koha biblionumber 186153
Koha biblioitemnumber 186153
Наличности
Код за отписване Код за изгубен артикул Код за повреда Коз за рестрикции Код за отдаване Артикулен № Име на библиотеката - собственик Име на библиотеката, в която се намира в момента Статус (Текущо местоположение) Дата на вписване в системата Местоположение - отдел Цена в лева Инвентарен номер Систематично азбучна сигнатура Баркод Номер на екземпляра Цена в евро Служебна бележка Служебен тип на артикула Източник на класификационната схема
  Не е изгубен Не е повреден без рестрикции заемане за дома 323663 Регионална библиотека "Любен Каравелов" Русе Регионална библиотека "Любен Каравелов" Русе Заемна - подръчен фонд 2016-11-03 Заемна - подръчен фонд 21.60 120000805326 П 328/С 89 120000805326 1 11.04 Дост: Pk Вид: Ф N: 1484 Дата: 01.11.2016 Дата инв: 02.02.2018 Бележки инв: П2018 Книги  
  Не е изгубен Не е повреден без рестрикции ползва се в читалня 323664 Регионална библиотека "Любен Каравелов" Русе Регионална библиотека "Любен Каравелов" Русе Читалня 2017-05-26 Читалня 22.00 120000811318 Ч 32/С 89 120000811318 2 11.25 Дост: Pk Вид: Ф N: 490 Дата: 26.05.2017 Книги Universal Decimal Classification
  Не е изгубен Не е повреден без рестрикции ползва се в читалня 323665 Регионална библиотека "Любен Каравелов" Русе Регионална библиотека "Любен Каравелов" Русе Хранилище 2018-02-03 Хранилище 27.00 120000819491 Цб 283023 120000819491 3 13.80 Дост: Dp Вид: Д N: 51 Дата: 28.11.2017 Книги  
Vip Innovations Ltd, Rousse, Bulgaria 2025